000 00746cam a2200253 4500
008 #DATE n2002 000 0 eng u
020 _aJ120751
035 _a(Sirsi) u120751
041 _aeng
050 _a693.71
_c18
110 _aSteel Constuction Institute
_94205
245 4 _aThe steelwork design guide to BS5950-1:2000. Volume 1 6th edition (SCI-P202, 2001). Amendement 1, June 2002
250 _a6th ed.
260 _aAscot
_bSCI
_c2002
300 _a16 leaves
_c30cm.
650 _aBLUE BOOK
650 _aBUILDING SITES
650 _aERECTORS MANUAL
650 _aHEALTH AND SAFETY
_96244
650 _aSTEEL ERECTION
650 _aSTRUCTURAL STEELWORK
690 _aBUILT ENVIRONMENT-CONSTRUCTION DESIGN
942 _n0
999 _c102557
_d102557